Statistics for MBDTF Songs In Order

Click here to take the quiz!

General Stats

  • This quiz has been taken 14 times
  • The average score is 12 of 13

Answer Stats

HintAnswer% Correct
5All Of The Lights
100%
4All Of The Lights (Interlude)
100%
1Dark Fantasy
100%
2Gorgeous
100%
3POWER
100%
11Blame Game
89%
8Devil In A New Dress
89%
6Monster
89%
9Runaway
89%
7So Appalled
89%
13Who Will Survive In America
89%
12Lost In The World
78%
10Hell Of A Life
67%

Score Distribution

Percentile by Number Answered

Percent of People with Each Score

Your Score History

You have not taken this quiz